000 00777nam a2200229 a 4500
001 000047991
005 20260204085718.0
008 181010s2001 dr 000 0 spa d
020 _a9993402559
040 _aDO-SdBNP
_bspa
_cBNPHU
082 _a395
_bG216b
100 1 _aGarcía Alecont, Víctor Fco.
_915997
245 1 4 _aLos buenos modales del comportamiento social /
_cVíctor Fco. García Alecont.
260 _aSanto Domingo :
_bCorripio,
_c2001.
300 _a326 p. ; :
_bil., fots. ;
_c32 cm.
500 _aIncluye datos biográficos del autor en la solapa de la cubierta
590 _aInventariado, 2018/VM
650 0 _aEtiqueta
_9402
650 0 _aUsos y costumbres
_953116
650 4 _aRitos y ceremonias
_931566
910 _aValidado. Control de calidad MFF
999 _c47479
_d47479